000
00309nam a22001337a 4500
003
SGT
082
_a
370
_b
S07N
100
_a
N.C.E.R.T.
245
_a
SIXTH SURVEY OF EDUCATIONAL RESEARCH 1993-2000 (VOL-II)
260
_a
NEW DELHI
_b
NCERT PUB
_c
2007
300
_a
586
650
_a
EDUCATION
942
_2
ddc
_c
BK
999
_c
12593
_d
12593